| 000 | 00351nam a2200133Ia 4500 | ||
|---|---|---|---|
| 008 | 240624s9999 xx 000 0 und d | ||
| 041 | _aeng | ||
| 082 | _a658.83 MAL | ||
| 100 | _aMALHOTRA NARESH K | ||
| 245 | _aMARKETING RESEARCH AN APPLIED ORIENTATIO | ||
| 250 | _a(4th ed.) | ||
| 260 |
_c2006 _aNew Delhi _bPearson Education |
||
| 300 | _a741p. ; 27cm. | ||
| 999 |
_c4833 _d4833 |
||